| 000 -LEADER |
| fixed length control field |
00724nam a22001937a 4500 |
| 001 - CONTROL NUMBER |
| control field |
12525 |
| 003 - CONTROL NUMBER IDENTIFIER |
| control field |
BD-DhUAP |
| 005 - DATE AND TIME OF LATEST TRANSACTION |
| control field |
20201112151259.0 |
| 008 - FIXED-LENGTH DATA ELEMENTS--GENERAL INFORMATION |
| fixed length control field |
201112s1997 bg |||| |||| 00| 0 ben d |
| 020 ## - INTERNATIONAL STANDARD BOOK NUMBER |
| International Standard Book Number |
9841315742 |
| 040 ## - CATALOGING SOURCE |
| Original cataloging agency |
BD-DhUAP |
| Language of cataloging |
Ben |
| Transcribing agency |
BD-DhUAP |
| Modifying agency |
BD-DhUAP |
| 082 ## - DEWEY DECIMAL CLASSIFICATION NUMBER |
| Edition number |
23 |
| Classification number |
709.5492 GUP |
| 100 ## - MAIN ENTRY--PERSONAL NAME |
| Personal name |
গুপ্ত , সন্তোষ। |
| 245 ## - TITLE STATEMENT |
| Title |
বাংলাদেশের চিত্রশিল্প : |
| Remainder of title |
স্বরূপের সন্ধান / |
| Statement of responsibility, etc. |
সন্তোষ গুপ্ত। |
| 260 ## - PUBLICATION, DISTRIBUTION, ETC. |
| Place of publication, distribution, etc. |
ঢাকা : |
| Name of publisher, distributor, etc. |
মুক্তধারা, |
| Date of publication, distribution, etc. |
১৯৯৭। |
| 300 ## - PHYSICAL DESCRIPTION |
| Extent |
১২৭ পৃষ্ঠা ; |
| Dimensions |
২২ সেমি.। |
| 650 ## - SUBJECT ADDED ENTRY--TOPICAL TERM |
| Topical term or geographic name entry element |
Fine arts |
| Geographic subdivision |
Bangladesh. |
| 942 ## - ADDED ENTRY ELEMENTS (KOHA) |
| Source of classification or shelving scheme |
|
| Koha item type |
Book |